00734cam a22002411 450000100060000000300080000600500170001400800390003103500190007003500190008904000230010804100080013108200130013910000340015224500900018625000110027626000440028730000310033150000470036265000230040965000290043270000310046114910BD-RjUL20211208235720.0140208s1962 mnu 000 0 eng a(BD-RjUL)14964 a(OCoLC)2676205 aDLCcLHSdDLCbeng aeng a630bLEF2 aLe Clerg, Erwin Lewis,d1901-10aField plot technique /c Erwin L. Le Clerg, Warren H. Leonard [and] Andrew G. Clark. a2d ed. aMinneapolis :bBurgess Pub. Co.,c1962. a373 p. :billus. ;c29 cm. aFirst ed. by W.H. Leonard and A. G. Clark. 0aField experiments. 0aAgriculturevStatistics.1 aLeonard, Warren H.,d1900-